<?xml version="1.0" encoding="UTF-8"?>
<record
    xmlns:xsi="http://www.w3.org/2001/XMLSchema-instance"
    xsi:schemaLocation="http://www.loc.gov/MARC21/slim http://www.loc.gov/standards/marcxml/schema/MARC21slim.xsd"
    xmlns="http://www.loc.gov/MARC21/slim">

  <leader>00793nam a2200265 a 4500</leader>
  <controlfield tag="001">80101</controlfield>
  <controlfield tag="003">BD-RjUL</controlfield>
  <controlfield tag="005">20220720153616.0</controlfield>
  <controlfield tag="008">220720s20212015ii a          001 0 eng  </controlfield>
  <datafield tag="020" ind1=" " ind2=" ">
    <subfield code="a">9386668270  </subfield>
  </datafield>
  <datafield tag="020" ind1=" " ind2=" ">
    <subfield code="a">9789386668271</subfield>
  </datafield>
  <datafield tag="035" ind1=" " ind2=" ">
    <subfield code="a">(BD-RjUL)80101</subfield>
  </datafield>
  <datafield tag="040" ind1=" " ind2=" ">
    <subfield code="a">DLC</subfield>
    <subfield code="b">eng</subfield>
    <subfield code="e">rda</subfield>
    <subfield code="c">DLC</subfield>
    <subfield code="d">UkOxU</subfield>
    <subfield code="d">BD-RjUL</subfield>
  </datafield>
  <datafield tag="041" ind1=" " ind2=" ">
    <subfield code="a">eng</subfield>
  </datafield>
  <datafield tag="082" ind1=" " ind2=" ">
    <subfield code="2">23</subfield>
    <subfield code="a">339</subfield>
    <subfield code="b">MAP 2021</subfield>
  </datafield>
  <datafield tag="100" ind1="1" ind2=" ">
    <subfield code="a">Mankiw, N. Gregory.</subfield>
    <subfield code="9">4041</subfield>
  </datafield>
  <datafield tag="245" ind1="1" ind2="0">
    <subfield code="a">Principles of Macroeconomics /</subfield>
    <subfield code="c">N. Gregory Mankiw.</subfield>
  </datafield>
  <datafield tag="250" ind1=" " ind2=" ">
    <subfield code="a">Seventh Edition.</subfield>
  </datafield>
  <datafield tag="260" ind1=" " ind2=" ">
    <subfield code="a">Delhi :</subfield>
    <subfield code="b">Cengage Learning India Private Limited,</subfield>
    <subfield code="c">c2015 [Impression 2021]</subfield>
  </datafield>
  <datafield tag="300" ind1=" " ind2=" ">
    <subfield code="a">xxiv, 551 pages :</subfield>
    <subfield code="b">illustrations ;</subfield>
    <subfield code="c">26 cm.</subfield>
  </datafield>
  <datafield tag="500" ind1=" " ind2=" ">
    <subfield code="a">Includes index.</subfield>
  </datafield>
  <datafield tag="650" ind1=" " ind2="0">
    <subfield code="a">Macroeconomics.</subfield>
    <subfield code="9">2658</subfield>
  </datafield>
  <datafield tag="942" ind1=" " ind2=" ">
    <subfield code="2">ddc</subfield>
    <subfield code="c">BK</subfield>
  </datafield>
  <datafield tag="999" ind1=" " ind2=" ">
    <subfield code="c">80101</subfield>
    <subfield code="d">80101</subfield>
  </datafield>
  <datafield tag="952" ind1=" " ind2=" ">
    <subfield code="0">0</subfield>
    <subfield code="1">0</subfield>
    <subfield code="2">ddc</subfield>
    <subfield code="4">0</subfield>
    <subfield code="7">1</subfield>
    <subfield code="8">NFIC</subfield>
    <subfield code="a">RUCL</subfield>
    <subfield code="b">RUCL</subfield>
    <subfield code="c">Reading</subfield>
    <subfield code="d">2022-04-25</subfield>
    <subfield code="e">Paragon Enterprise, Dhaka</subfield>
    <subfield code="g">1110.00</subfield>
    <subfield code="l">0</subfield>
    <subfield code="o">339 MAP 2021</subfield>
    <subfield code="r">2022-07-20 00:00:00</subfield>
    <subfield code="t">C-1</subfield>
    <subfield code="w">2022-07-20</subfield>
    <subfield code="y">BK</subfield>
  </datafield>
  <datafield tag="952" ind1=" " ind2=" ">
    <subfield code="0">0</subfield>
    <subfield code="1">0</subfield>
    <subfield code="2">ddc</subfield>
    <subfield code="4">0</subfield>
    <subfield code="7">0</subfield>
    <subfield code="8">NFIC</subfield>
    <subfield code="a">RUCL</subfield>
    <subfield code="b">RUCL</subfield>
    <subfield code="c">GEN</subfield>
    <subfield code="d">2022-04-25</subfield>
    <subfield code="e">Paragon Enterprise, Dhaka</subfield>
    <subfield code="g">1110.00</subfield>
    <subfield code="l">4</subfield>
    <subfield code="o">339 MAP 2021</subfield>
    <subfield code="r">2026-01-21 00:00:00</subfield>
    <subfield code="s">2026-01-06</subfield>
    <subfield code="t">C-2</subfield>
    <subfield code="w">2022-07-20</subfield>
    <subfield code="y">BK</subfield>
  </datafield>
  <datafield tag="952" ind1=" " ind2=" ">
    <subfield code="0">0</subfield>
    <subfield code="1">0</subfield>
    <subfield code="2">ddc</subfield>
    <subfield code="4">0</subfield>
    <subfield code="7">0</subfield>
    <subfield code="8">NFIC</subfield>
    <subfield code="a">RUCL</subfield>
    <subfield code="b">RUCL</subfield>
    <subfield code="c">GEN</subfield>
    <subfield code="d">2022-04-25</subfield>
    <subfield code="e">Paragon Enterprise, Dhaka</subfield>
    <subfield code="g">1110.00</subfield>
    <subfield code="l">0</subfield>
    <subfield code="o">339 MAP 2021</subfield>
    <subfield code="r">2022-07-20 00:00:00</subfield>
    <subfield code="t">C-3</subfield>
    <subfield code="w">2022-07-20</subfield>
    <subfield code="y">BK</subfield>
  </datafield>
  <datafield tag="952" ind1=" " ind2=" ">
    <subfield code="0">0</subfield>
    <subfield code="1">0</subfield>
    <subfield code="2">ddc</subfield>
    <subfield code="4">0</subfield>
    <subfield code="7">0</subfield>
    <subfield code="8">NFIC</subfield>
    <subfield code="a">RUCL</subfield>
    <subfield code="b">RUCL</subfield>
    <subfield code="c">GEN</subfield>
    <subfield code="d">2022-04-25</subfield>
    <subfield code="e">Paragon Enterprise, Dhaka</subfield>
    <subfield code="g">1110.00</subfield>
    <subfield code="l">1</subfield>
    <subfield code="o">339 MAP 2021</subfield>
    <subfield code="r">2023-03-22 00:00:00</subfield>
    <subfield code="s">2023-03-15</subfield>
    <subfield code="t">C-4</subfield>
    <subfield code="w">2022-07-20</subfield>
    <subfield code="y">BK</subfield>
  </datafield>
  <datafield tag="952" ind1=" " ind2=" ">
    <subfield code="0">0</subfield>
    <subfield code="1">0</subfield>
    <subfield code="2">ddc</subfield>
    <subfield code="4">0</subfield>
    <subfield code="7">0</subfield>
    <subfield code="8">NFIC</subfield>
    <subfield code="a">RUCL</subfield>
    <subfield code="b">RUCL</subfield>
    <subfield code="c">GEN</subfield>
    <subfield code="d">2022-04-26</subfield>
    <subfield code="e">Paragon Enterprise, Dhaka</subfield>
    <subfield code="g">1275.00</subfield>
    <subfield code="l">0</subfield>
    <subfield code="o">339 MAP 2019</subfield>
    <subfield code="r">2022-08-03 00:00:00</subfield>
    <subfield code="t">C-5</subfield>
    <subfield code="w">2022-08-03</subfield>
    <subfield code="y">BK</subfield>
  </datafield>
</record>
